Health implications of public policy: case studies modules, methodology (Record no. 476731)

000 -LEADER
fixed length control field 00399cam a22001217a 4500
008 - FIXED-LENGTH DATA ELEMENTS--GENERAL INFORMATION
fixed length control field 180718b1991 xxu||||| |||| 00| 0 eng d
082 ## - DEWEY DECIMAL CLASSIFICATION NUMBER
Classification number Ox54 G346
245 ## - TITLE STATEMENT
Title Health implications of public policy: case studies modules, methodology
Statement of responsibility, etc. edited by Babu Ghosh
260 ## - PUBLICATION, DISTRIBUTION, ETC.
Place of publication, distribution, etc. Bangalore
Name of publisher, distributor, etc. Indian Institute of Management
Date of publication, distribution, etc. 1991
300 ## - PHYSICAL DESCRIPTION
Extent 385p.
650 ## - SUBJECT ADDED ENTRY--TOPICAL TERM
Topical term or geographic name entry element Public - Health - India
700 ## - ADDED ENTRY--PERSONAL NAME
Personal name Ghosh, Babu
Holdings
Withdrawn status Lost status Damaged status Not for loan Permanent Location Current Location Date acquired Full call number Barcode Date last seen Price effective from Koha item type
        Indian Institute of Public Administration Indian Institute of Public Administration 2018-08-04 Ox54 G346 GR12627 2018-08-04 2018-08-04 GR

Powered by Koha